000 00840nab a2200193 i 4500
001 190379
003 ES-MaACL
005 20250930063202.0
008 210119s1919 sp a 000 s spa d
100 1 _aMartorell i Terrats, Jeroni,
_d1873-1951
_9170839
245 1 3 _aEl patrimonio artístico nacional :
_bconferencia en el Ateneo de Madrid /
_cpor Jerónimo Martorell.
610 2 4 _aAteneo de Madrid-
_vConferencias-
_y1900-1939
_91907
650 4 _aPatrimonio cultural-
_zEspaña.
_9226995
710 2 _aSociedad Central de Arquitectos
_9134871
773 0 _tArquitectura : órgano de la Sociedad Central de Arquitectos,
_dMadrid : Colegio Oficial de Arquitectos,
_xISSN 0211-3376,
_gN. 14, 1919, p. 149-161
_0193443
_w(SpMaBN)193443
_9291
942 _cANAB
_2udc
999 _c190379
_d190379